| 000 | 00000nam##2200000za#4500 |
| 001 | 9.599765 |
| 003 | CaOODSP |
| 005 | 20210624205232 |
| 007 | cr ||||||||||| |
| 008 | 150406|2002||||xxc|||||o f|0| 0 fre|d |
| 040 | |aCaOODSP|bfre |
| 043 | |an-cn--- |
| 086 | 1 |aBT31-2/2002-III-52F-PDF |
| 110 | 1 |aCanada. |bConseil du trésor. |
| 245 | 10|aMinistère des Affaires étrangères et du Commerce international, 2001-2002 budget des dépenses, rapport sur les plans et les priorités |h[ressource électronique] |
| 260 | |aOttawa - Ontario : |bSecrétariat du Conseil du Trésor du Canada |cc2001. |
| 300 | |a71p.|bgraphiques, organigramme, tableaux, index |
| 490 | 1 |aBudget des dépenses 2001-2002. Partie III, Rapport sur les plans et les priorités |v2001-2002 |
| 500 | |aLe n° de catalogue (BT31-2/2002-III-52) et l’ISBN (0-660-61482-0) de l’édition imprimée bilingue ont été incorrectement copiés dans cette édition électronique. |
| 590 | |a10-11-Supp|b2010-11-10 |
| 775 | 08|tDepartment of Foreign Affairs and International Trade, 2001-2002 estimates, report on plans and priorities |w(CaOODSP)9.568487 |
| 776 | 0#|tDepartment of Foreign Affairs and International Trade |w(CaOODSP)9.534396 |
| 776 | 0#|tMinistère des Affaires étrangères et du Commerce international |w(CaOODSP)9.534397 |
| 830 | #0|aBudget des dépenses 2001-2002. Partie III, Rapport sur les plans et les priorités ;|v2001-2002|w(CaOODSP)9.502575 |
| 856 | 40|ahttp://publications.gc.ca|qPDF|s629 Ko|uhttps://publications.gc.ca/collections/Collection/BT31-2-2002-III-52F.pdf|y2001-2002 |